[Event "North American Open"]
[Site "Las Vegas, NV"]
[Date "2013.12.27"]
[Round "3.21"]
[White "Carreto, Giovanni"]
[Black "Mulyar, Michael"]
[Result "0-1"]
[WhiteElo "2263"]
[BlackElo "2423"]
[PlyCount "84"]
[EventDate "2013.12.??"]
[EventType "swiss"]
[EventRounds "9"]
[EventCountry "USA"]
[Source "MonRoi"]

1. e4 e5 2. Nf3 Nc6 3. Bc4 Bc5 4. b4 Bxb4 5. c3 Ba5 6. d4 d6 7. Qb3 Qd7 8. dxe5
Bb6 9. Nbd2 dxe5 10. Ba3 Na5 11. Qb4 c5 12. Qb2 Nxc4 13. Nxc4 f6 14. Qc2 Qe6
15. Qd3 Nh6 16. Bc1 Nf7 17. Be3 O-O 18. Nfd2 Rd8 19. Qb1 Qc6 20. a4 Bc7 21. O-O
b6 22. Qb3 Be6 23. Qb5 Bd7 24. Rfb1 Qe6 25. Qa6 Bc8 26. Qb5 Bd7 27. Qa6 Rdb8
28. Na3 Bc6 29. f3 Qd7 30. a5 b5 31. Nb3 c4 32. Nc5 Qe8 33. Rb2 Bb6 34. Bf2
Bxc5 35. Bxc5 Bb7 36. Qxb5 Bc6 37. Qxb8 Rxb8 38. Nxc4 Rxb2 39. Nxb2 Qb8 40. Bb4
f5 41. exf5 e4 42. fxe4 Qf4 0-1

[Event "North American Open"]
[Site "Las Vegas, NV"]
[Date "2013.12.27"]
[Round "3.22"]
[White "Bryant, John"]
[Black "Yanayt, Eugene"]
[Result "1-0"]
[WhiteElo "2401"]
[BlackElo "2220"]
[PlyCount "39"]
[EventDate "2013.12.??"]
[EventType "swiss"]
[EventRounds "9"]
[EventCountry "USA"]
[Source "MonRoi"]

1. e4 c5 2. c3 Nf6 3. e5 Nd5 4. Nf3 Nc6 5. Bc4 e6 6. d4 cxd4 7. cxd4 d6 8. Qe2
Be7 9. O-O O-O 10. Re1 Qc7 11. Qe4 b6 12. Na3 a6 13. Bd2 Bb7 14. Rac1 Rfd8 15.
Ng5 g6 16. Qh4 h5 17. Qg3 Bf8 18. Bxd5 exd5 19. e6 f6 20. e7 1-0

[Event "North American Open"]
[Site "Las Vegas, NV"]
[Date "2013.12.27"]
[Round "3.24"]
[White "Wheeler, Cameron"]
[Black "Mandiza, Farai"]
[Result "1-0"]
[WhiteElo "2202"]
[BlackElo "2397"]
[PlyCount "131"]
[EventDate "2013.12.??"]
[EventType "swiss"]
[EventRounds "9"]
[EventCountry "USA"]
[Source "MonRoi"]

1. c4 g6 2. g3 Bg7 3. Bg2 e5 4. Nc3 f5 5. d3 Nf6 6. Nf3 d6 7. O-O O-O 8. Rb1 h6
9. b4 g5 10. a4 Qe8 11. b5 Nbd7 12. Nd2 Nc5 13. Ba3 Ne6 14. a5 Rb8 15. b6 axb6
16. axb6 c5 17. Nd5 Ng4 18. e3 Bd7 19. Bb2 Ba4 20. Qe2 Rf7 21. Ra1 Bc6 22. Ra7
Nf6 23. Rfa1 g4 24. Nb3 Ng5 25. Na5 Bxd5 26. cxd5 e4 27. Nc4 Nf3+ 28. Bxf3 gxf3
29. Qd1 Rd7 30. dxe4 fxe4 31. Bxf6 Bxf6 32. R1a4 Qh5 33. Ra8 Rxa8 34. Rxa8+ Kg7
35. Na5 Bc3 36. Nc6 Bf6 37. Na5 Qh3 38. Qf1 Qf5 39. Qc4 Qe5 40. Nxb7 Qb2 41.
Na5 Qb1+ 42. Qf1 Qxb6 43. h4 h5 44. Qh3 Ra7 45. Rxa7+ Qxa7 46. Nc4 Qa1+ 47. Qf1
Qa2 48. Nxd6 Qxd5 49. Qa6 Be7 50. Ne8+ Kf7 51. Nc7 Qd1+ 52. Kh2 Bd6 53. Qc4+
Kg7 54. Ne8+ Kf8 55. Nxd6 Qxd6 56. Qxe4 Qd1 57. Qf5+ Kg8 58. Qg5+ Kh7 59. Qxh5+
Kg7 60. Qxc5 Qe2 61. e4 Qxe4 62. Qe3 Qc6 63. Qe5+ Kh7 64. g4 Qc1 65. Qh5+ Kg7
66. Qg5+ 1-0

[Event "North American Open"]
[Site "Las Vegas, NV"]
[Date "2013.12.27"]
[Round "3.27"]
[White "Aaron, Deepak"]
[Black "Fajardo Ponce, David"]
[Result "1-0"]
[WhiteElo "2322"]
[BlackElo "1752"]
[PlyCount "53"]
[EventDate "2013.12.??"]
[EventType "swiss"]
[EventRounds "9"]
[EventCountry "USA"]
[Source "MonRoi"]

1. e4 c5 2. Nf3 d6 3. d4 cxd4 4. Nxd4 Nf6 5. Nc3 a6 6. Bc4 e6 7. Bb3 Be7 8. Be3
Qc7 9. f3 O-O 10. Qd2 Nc6 11. O-O-O Na5 12. g4 Nxb3+ 13. axb3 b5 14. h4 Bb7 15.
h5 Rac8 16. Rh2 Nd7 17. g5 Nc5 18. Kb1 Rfd8 19. Rg1 d5 20. e5 Nd7 21. g6 Bb4
22. gxf7+ Kxf7 23. Rxg7+ Kxg7 24. Nxe6+ Kf7 25. Nxc7 Rxc7 26. Bd4 Nf8 27. Bb6
1-0

[Event "North American Open"]
[Site "Las Vegas, NV"]
[Date "2013.12.27"]
[Round "4.2"]
[White "Shimanov, Alex"]
[Black "Yermolinsky, Alex"]
[Result "1/2-1/2"]
[WhiteElo "2650"]
[BlackElo "2510"]
[PlyCount "35"]
[EventDate "2013.12.??"]
[EventType "swiss"]
[EventRounds "9"]
[EventCountry "USA"]
[Source "MonRoi"]

1. d4 Nf6 2. c4 e5 3. dxe5 Ng4 4. Nf3 Bc5 5. e3 Nc6 6. Nc3 Ngxe5 7. Nxe5 Nxe5
8. Be2 O-O 9. O-O Re8 10. b3 a5 11. Kh1 d6 12. Bb2 Bd7 13. f4 Ng6 14. e4 Bc6
15. Bd3 Be3 16. Qg4 Bd4 17. Rae1 Qf6 18. Rc1 1/2-1/2

[Event "North American Open"]
[Site "Las Vegas, NV"]
[Date "2013.12.27"]
[Round "4.3"]
[White "Gao, Rui"]
[Black "Gareev, Timur"]
[Result "0-1"]
[WhiteElo "2457"]
[BlackElo "2650"]
[PlyCount "128"]
[EventDate "2013.12.??"]
[EventType "swiss"]
[EventRounds "9"]
[EventCountry "USA"]
[Source "MonRoi"]

1. e4 e5 2. Nf3 Nc6 3. Bb5 a6 4. Ba4 Nf6 5. O-O Bc5 6. Bxc6 dxc6 7. d3 Qe7 8.
Nbd2 Bg4 9. Nc4 Nd7 10. h3 Bh5 11. Be3 f6 12. a3 O-O 13. b4 Bd6 14. g4 Bf7 15.
Na5 Rfb8 16. Rb1 c5 17. Qd2 cxb4 18. axb4 c5 19. b5 Bc7 20. Nh4 g6 21. Nc4 b6
22. Na3 Rd8 23. bxa6 Rxa6 24. Nb5 Bb8 25. f4 f5 26. Ng2 exf4 27. Bxf4 Bxf4 28.
Qxf4 fxg4 29. hxg4 Ra5 30. Qd6 Qe5 31. Qxe5 Nxe5 32. Ne3 Kg7 33. g5 Ba2 34. Rb2
Nf7 35. Nc3 Be6 36. Rxb6 Nxg5 37. Ncd5 Ra7 38. Rc6 Bh3 39. Rf2 Bd7 40. Rxc5
Nh3+ 41. Kg2 Nxf2 42. Kxf2 Rf8+ 43. Kg3 h5 44. Nb6 Be6 45. Rc6 Raf7 46. Ng2
Rf3+ 47. Kh2 Bg4 48. Nd5 Rf2 49. Kg1 Rf1+ 50. Kh2 R1f2 51. Kg1 g5 52. Nge3 R2f3
53. Nxg4 Rg3+ 54. Kh2 Rxg4 55. Rc7+ Kh8 56. e5 Rf2+ 57. Kh1 Ra4 58. Kg1 Rd2 59.
Rc8+ Kg7 60. Rc7+ Kf8 61. Rc8+ Kf7 62. Rc7+ Ke6 63. Ne3 Ra1+ 64. Nf1 Rdd1 0-1

[Event "North American Open"]
[Site "Las Vegas, NV"]
[Date "2013.12.27"]
[Round "4.6"]
[White "Shankland, Sam"]
[Black "Yang, Darwin"]
[Result "1-0"]
[WhiteElo "2602"]
[BlackElo "2468"]
[PlyCount "67"]
[EventDate "2013.12.??"]
[EventType "swiss"]
[EventRounds "9"]
[EventCountry "USA"]
[Source "MonRoi"]

1. d4 Nf6 2. c4 e6 3. Nc3 Bb4 4. Qc2 O-O 5. Nf3 d6 6. e3 Nbd7 7. Bd3 e5 8. O-O
Bxc3 9. bxc3 Re8 10. Nd2 Qe7 11. e4 Nh5 12. Re1 Nf4 13. Nf1 c5 14. Ne3 exd4 15.
cxd4 cxd4 16. Nd5 Nxd5 17. cxd5 Ne5 18. Bf1 Bd7 19. Qd2 f5 20. Qxd4 Qf6 21. Bb2
Ng4 22. Qd2 Qh4 23. h3 Nf6 24. exf5 Bxf5 25. Bb5 Rxe1+ 26. Rxe1 a6 27. Bf1 Rc8
28. g3 Qh5 29. Bxf6 gxf6 30. Qf4 Bxh3 31. Bxh3 Qxh3 32. Qxf6 Rf8 33. Qg5+ Kh8
34. Re7 1-0

[Event "North American Open"]
[Site "Las Vegas, NV"]
[Date "2013.12.27"]
[Round "4.7"]
[White "Lenderman, Alex"]
[Black "Esserman, Marc"]
[Result "1-0"]
[WhiteElo "2549"]
[BlackElo "2447"]
[PlyCount "52"]
[EventDate "2013.12.??"]
[EventType "swiss"]
[EventRounds "9"]
[EventCountry "USA"]
[Source "MonRoi"]

1. d4 Nf6 2. c4 g6 3. Nf3 Bg7 4. e3 c5 5. d5 d6 6. Nc3 O-O 7. Be2 e6 8. Nd2
exd5 9. cxd5 Nbd7 10. O-O Re8 11. h3 a6 12. a4 Rb8 13. Ra3 b6 14. Re1 Re7 15.
e4 Ne8 16. Rb3 Ndf6 17. Bf1 Nc7 18. Nc4 b5 19. e5 dxe5 20. Nxe5 Rxe5 21. Rxe5
c4 22. Bxc4 Nd7 23. Bg5 f6 24. d6+ bxc4 25. dxc7 Qxc7 26. Re8+ Kf7 1-0

[Event "North American Open"]
[Site "Las Vegas, NV"]
[Date "2013.12.27"]
[Round "4.9"]
[White "Ruiz, Joshua"]
[Black "Shabalov, Alexander"]
[Result "1/2-1/2"]
[WhiteElo "2391"]
[BlackElo "2528"]
[PlyCount "54"]
[EventDate "2013.12.??"]
[EventType "swiss"]
[EventRounds "9"]
[EventCountry "USA"]
[Source "MonRoi"]

1. e4 e5 2. Nf3 d6 3. d4 exd4 4. Nxd4 Nf6 5. Nc3 Be7 6. Bd3 O-O 7. O-O c5 8.
Nde2 Nc6 9. Nf4 Re8 10. Nfd5 Nxd5 11. Nxd5 Bf6 12. c3 Rb8 13. a4 a6 14. Qh5 Ne5
15. Bc2 Bg4 16. Nxf6+ Qxf6 17. Qg5 Qxg5 18. Bxg5 Be2 19. Rfe1 Bd3 20. Bb3 c4
21. Bd1 f6 22. Bd2 Re7 23. f3 Kf7 24. b3 b5 25. axb5 axb5 26. Ra6 cxb3 27.
Bxb3+ Bc4 1/2-1/2

[Event "North American Open"]
[Site "Las Vegas, NV"]
[Date "2013.12.27"]
[Round "4.10"]
[White "Ibarra, Luis"]
[Black "Young, Gregory"]
[Result "0-1"]
[WhiteElo "2489"]
[BlackElo "2367"]
[PlyCount "92"]
[EventDate "2013.12.??"]
[EventType "swiss"]
[EventRounds "9"]
[EventCountry "USA"]
[Source "MonRoi"]

1. d4 f5 2. Nc3 d5 3. Bg5 g6 4. Qd3 Bg7 5. O-O-O Nc6 6. e3 a6 7. f3 Nf6 8. Nge2
Be6 9. h3 h6 10. Bh4 g5 11. Bf2 Qd7 12. g4 h5 13. gxf5 Nb4 14. Qd2 Bxf5 15. h4
g4 16. Ng3 Bxc2 17. Re1 Bg6 18. e4 dxe4 19. fxe4 Nc6 20. Be3 e6 21. Bg2 O-O-O
22. Rd1 Qe7 23. Nge2 Rd7 24. Nf4 Bf7 25. Nfe2 Bg6 26. Nf4 Bh7 27. Qe2 e5 28.
Nfd5 Nxd5 29. Nxd5 Rxd5 30. exd5 Nb4 31. Qc4 exd4 32. Bf4 b5 33. d6 Qe3+ 34.
Bxe3 bxc4 35. Rxd4 Bxd4 36. Bxd4 Re8 37. a3 Nd3+ 38. Kd2 Be4 39. Bxe4 Rxe4 40.
Kc3 c5 41. Bf6 Nf4 42. Rd1 Kd7 43. Kc2 g3 44. Rg1 g2 45. Kd1 Re2 46. Bg5 Rf2
0-1

[Event "North American Open"]
[Site "Las Vegas, NV"]
[Date "2013.12.27"]
[Round "4.11"]
[White "Banawa, Joel"]
[Black "Panjwani, Raja"]
[Result "1/2-1/2"]
[WhiteElo "2358"]
[BlackElo "2460"]
[PlyCount "181"]
[EventDate "2013.12.??"]
[EventType "swiss"]
[EventRounds "9"]
[EventCountry "USA"]
[Source "MonRoi"]

1. c4 e6 2. Nf3 Nf6 3. g3 d5 4. Bg2 Be7 5. O-O O-O 6. b3 c5 7. e3 Nc6 8. Bb2 a6
9. d4 dxc4 10. bxc4 Rb8 11. a4 cxd4 12. exd4 b5 13. axb5 axb5 14. Ne5 Nxe5 15.
dxe5 Nd7 16. cxb5 Rxb5 17. Bc3 Nxe5 18. Na3 Qxd1 19. Rfxd1 Rb3 20. Bxe5 Rxa3
21. Rac1 Ra7 22. Bc6 Ra5 23. Bd6 Bxd6 24. Rxd6 Ra7 25. Be4 Re7 26. Rb6 g6 27.
Rb8 Ba6 28. Rb6 Rc8 29. Rxc8+ Bxc8 30. Rb8 Re8 31. Bc6 Rf8 32. Ra8 g5 33. Ra4
Kg7 34. h4 h6 35. hxg5 hxg5 36. Ra7 Kf6 37. Kf1 Rd8 38. Ke2 e5 39. f3 Rd6 40.
Be4 g4 41. Rc7 Ba6+ 42. Ke3 gxf3 43. Kxf3 Ke6 44. Rc6 Rxc6 45. Bxc6 Bc4 46. Ke3
Bd5 47. Bb5 Kf5 48. Be2 Kg5 49. Kf2 f6 50. Ke3 Be6 51. Kf2 Bg4 52. Bf1 Bd1 53.
Bh3 f5 54. Ke3 Bc2 55. Kf2 Be4 56. Ke3 Bh1 57. Kf2 e4 58. Ke3 Bf3 59. Kf2 Bh1
60. Ke3 Bf3 61. Kf2 Kf6 62. Ke3 Ke5 63. Bf1 Kd5 64. Ba6 Bg4 65. Bb7+ Ke5 66.
Bc6 Bf3 67. Bd7 Bg4 68. Bc6 Bh3 69. Bb7 Bg2 70. Bc8 Bh1 71. Bd7 Bg2 72. Bc8 Bh3
73. Bb7 Bg4 74. Bc6 Bd1 75. Bd7 Bb3 76. Bc8 Bd5 77. Bd7 Bb7 78. Bb5 Bc8 79. Bc6
Be6 80. Bb7 Bd5 81. Bc8 Bc6 82. Ba6 Kd5 83. Bc8 Ke5 84. Ba6 Be8 85. Bb7 Bg6 86.
Bc8 Kd5 87. Ba6 Kc5 88. Be2 Kb4 89. g4 Kc3 90. gxf5 Bxf5 91. Bf1 1/2-1/2

[Event "North American Open"]
[Site "Las Vegas, NV"]
[Date "2013.12.27"]
[Round "4.12"]
[White "Yankovsky, Roman"]
[Black "Del Campo, Roberto"]
[Result "1-0"]
[WhiteElo "2425"]
[BlackElo "2357"]
[PlyCount "91"]
[EventDate "2013.12.??"]
[EventType "swiss"]
[EventRounds "9"]
[EventCountry "USA"]
[Source "MonRoi"]

1. e4 c5 2. Nf3 d6 3. d4 cxd4 4. Nxd4 Nf6 5. Nc3 a6 6. h3 Nc6 7. g4 h6 8. Bg2
Nxd4 9. Qxd4 e5 10. Qd3 Be6 11. Be3 Rc8 12. O-O-O Qa5 13. a3 Be7 14. Kb1 O-O
15. Qd2 Kh8 16. f4 exf4 17. Bxf4 Rfd8 18. Rhe1 Rd7 19. Re3 Ne8 20. Rd3 Bf6 21.
Nd5 Qxd2 22. R1xd2 Bxd5 23. Rxd5 Re7 24. Bxd6 Nxd6 25. Rxd6 Kh7 26. Rb6 Be5 27.
c3 f6 28. Rd5 Rcc7 29. Kc2 Kg6 30. h4 Kf7 31. a4 Re6 32. a5 Ke7 33. Rb3 Rd6 34.
Kd3 g5 35. h5 Rdc6 36. Bf3 b5 37. axb6 Rb7 38. Be2 Rcxb6 39. Rxb6 Rxb6 40. Kc2
Bc7 41. b4 Rc6 42. Kb3 Be5 43. c4 Bc7 44. c5 Bg3 45. Bc4 Bf2 46. Rd2 1-0

[Event "North American Open"]
[Site "Las Vegas, NV"]
[Date "2013.12.27"]
[Round "4.13"]
[White "Ni, Shiqun"]
[Black "Mulyar, Michael"]
[Result "1/2-1/2"]
[WhiteElo "2305"]
[BlackElo "2423"]
[PlyCount "63"]
[EventDate "2013.12.??"]
[EventType "swiss"]
[EventRounds "9"]
[EventCountry "USA"]
[Source "MonRoi"]

1. e4 e5 2. Nf3 Nc6 3. Bc4 Bc5 4. c3 Nf6 5. d3 O-O 6. O-O d6 7. Bb3 a6 8. h3 h6
9. Be3 Bxe3 10. fxe3 Be6 11. Nbd2 Bxb3 12. Qxb3 Rb8 13. d4 Re8 14. Rae1 b5 15.
Nh4 Na5 16. Qc2 c5 17. Nf5 Kh7 18. Rf3 Rf8 19. Ref1 Ne8 20. b3 Nc6 21. d5 Ne7
22. g4 Ng8 23. Kg2 g6 24. Ng3 Qe7 25. R3f2 Ng7 26. Nf3 Rb7 27. Rc1 Ra8 28. Rcf1
a5 29. a3 a4 30. b4 c4 31. Rh1 Rf8 32. Qb1 1/2-1/2

[Event "North American Open"]
[Site "Las Vegas, NV"]
[Date "2013.12.27"]
[Round "4.16"]
[White "Wang, Jue"]
[Black "Wheeler, Cameron"]
[Result "1-0"]
[WhiteElo "2394"]
[BlackElo "2202"]
[PlyCount "77"]
[EventDate "2013.12.??"]
[EventType "swiss"]
[EventRounds "9"]
[EventCountry "USA"]
[Source "MonRoi"]

1. e4 e6 2. d4 d5 3. Nc3 Nf6 4. Bg5 Be7 5. e5 Nfd7 6. h4 c5 7. Bxe7 Kxe7 8.
dxc5 Nxe5 9. Qe2 f6 10. O-O-O Kf7 11. f4 Nec6 12. f5 Na6 13. fxe6+ Bxe6 14. Ne4
dxe4 15. Rxd8 Rhxd8 16. Qb5 Kf8 17. Ne2 Rac8 18. Nf4 Bf7 19. c3 Ne5 20. b4 Rc7
21. Be2 Rcd7 22. Rd1 Bxa2 23. Qa5 Bc4 24. Qxd8+ Rxd8 25. Rxd8+ Ke7 26. Rd4 Bxe2
27. Nxe2 f5 28. Rd5 Nd3+ 29. Kd2 g6 30. h5 Nc7 31. hxg6 hxg6 32. Rd6 Ne5 33.
Ke1 Nb5 34. Rd5 Nd3+ 35. Kf1 Nc7 36. Rd6 Ne6 37. Nd4 Nf8 38. Nb5 a6 39. Nc7 1-0

[Event "North American Open"]
[Site "Las Vegas, NV"]
[Date "2013.12.27"]
[Round "4.19"]
[White "Adamson, Robby"]
[Black "Sevillano, Enrico"]
[Result "0-1"]
[WhiteElo "2287"]
[BlackElo "2485"]
[PlyCount "103"]
[EventDate "2013.12.??"]
[EventType "swiss"]
[EventRounds "9"]
[EventCountry "USA"]
[Source "MonRoi"]

1. e4 g6 2. d4 Bg7 3. Nc3 c6 4. Nf3 d5 5. h3 dxe4 6. Nxe4 Nf6 7. Bd3 O-O 8. O-O
Nbd7 9. Nxf6+ exf6 10. c4 Qc7 11. Be3 Rd8 12. Qc2 Nf8 13. Rfd1 f5 14. Qb3 f4
15. Bd2 Ne6 16. Bc3 Nxd4 17. Bxd4 Bxd4 18. Nxd4 Rxd4 19. Be2 Rxd1+ 20. Rxd1 Be6
21. Qd3 Qe5 22. Rd2 Re8 23. Bf1 c5 24. a3 b6 25. Re2 Qg5 26. Qf3 Qf6 27. Rd2
Kg7 28. Kh2 g5 29. Be2 Rd8 30. Rxd8 Qxd8 31. Bd3 Qd4 32. Qe2 h5 33. Kg1 g4 34.
hxg4 hxg4 35. Kf1 Kf6 36. Qc2 Ke7 37. Qe2 a6 38. Ke1 Kd6 39. Kf1 f5 40. Qc2 g3
41. Qe2 gxf2 42. b3 Bf7 43. Bc2 Qe3 44. Bd1 Qxe2+ 45. Bxe2 Ke5 46. Kxf2 Kd4 47.
Bf1 Kc3 48. Kf3 Kxb3 49. Kxf4 Kxa3 50. Kxf5 a5 51. g4 Kb2 52. Kf6 0-1

[Event "North American Open"]
[Site "Las Vegas, NV"]
[Date "2013.12.27"]
[Round "4.23"]
[White "Yanayt, Eugene"]
[Black "Gurevich, Dmitry"]
[Result "0-1"]
[WhiteElo "2220"]
[BlackElo "2499"]
[PlyCount "70"]
[EventDate "2013.12.??"]
[EventType "swiss"]
[EventRounds "9"]
[EventCountry "USA"]
[Source "MonRoi"]

1. d4 Nf6 2. c4 a6 3. Nc3 c5 4. d5 b5 5. Bg5 b4 6. Bxf6 exf6 7. Ne4 f5 8. d6
fxe4 9. Qd5 Bxd6 10. Qxd6 Qe7 11. Qd5 Nc6 12. O-O-O Bb7 13. e3 O-O-O 14. Nh3
Ne5 15. Qd6 Qxd6 16. Rxd6 Kc7 17. Rd2 d5 18. cxd5 Rxd5 19. Bxa6 Rxd2 20. Bxb7
Rxb2 21. Kxb2 Kxb7 22. Ng5 f5 23. f3 h6 24. Ne6 Nd3+ 25. Kb3 Ra8 26. fxe4 fxe4
27. Rf1 Kc6 28. a4 bxa3 29. Ra1 a2 30. Nxg7 Rg8 31. Nh5 Rxg2 32. Nf6 Rb2+ 33.
Kc3 Rxh2 34. Nxe4 Nb4 35. Kc4 Rh4 0-1

[Event "North American Open"]
[Site "Las Vegas, NV"]
[Date "2013.12.27"]
[Round "4.24"]
[White "Gerzhoy, Leonid"]
[Black "Eckert, Doug"]
[Result "1-0"]
[WhiteElo "2481"]
[BlackElo "2253"]
[PlyCount "57"]
[EventDate "2013.12.??"]
[EventType "swiss"]
[EventRounds "9"]
[EventCountry "USA"]
[Source "MonRoi"]

1. d4 f5 2. g3 Nf6 3. Bg2 e6 4. c4 c6 5. Nh3 Bb4+ 6. Nd2 a5 7. O-O O-O 8. Nf4
Be7 9. e4 d6 10. exf5 exf5 11. Re1 Re8 12. d5 c5 13. Nb1 Ne4 14. Nd2 Nxd2 15.
Bxd2 Bf6 16. Qh5 Bd7 17. Bh3 Na6 18. Bxf5 Bxf5 19. Qxf5 Bxb2 20. Rxe8+ Qxe8 21.
Rb1 Qe5 22. Qd7 Nb4 23. Re1 Qf6 24. Re6 Qf8 25. Rxd6 Bd4 26. Qe6+ Kh8 27. Rd7
Re8 28. Rf7 Qg8 29. Qf5 1-0

[Event "North American Open"]
[Site "Las Vegas, NV"]
[Date "2013.12.28"]
[Round "5.1"]
[White "Gareev, Timur"]
[Black "Shankland, Sam"]
[Result "1/2-1/2"]
[WhiteElo "2650"]
[BlackElo "2602"]
[PlyCount "53"]
[EventDate "2013.12.??"]
[EventType "swiss"]
[EventRounds "9"]
[EventCountry "USA"]
[Source "MonRoi"]

1. d4 Nf6 2. c4 g6 3. Nc3 d5 4. Bf4 Bg7 5. Rc1 Nh5 6. Bg5 h6 7. Bd2 c5 8. e3
cxd4 9. exd4 dxc4 10. d5 O-O 11. Bxc4 Nd7 12. Nf3 Nb6 13. Bb3 Bg4 14. h3 Bxf3
15. Qxf3 Rc8 16. O-O Nc4 17. Bxc4 Rxc4 18. Rfe1 Nf6 19. b3 Rc7 20. Bf4 Rd7 21.
Rcd1 Qa5 22. Be5 Ne8 23. Bxg7 Kxg7 24. Re4 Nf6 25. Ra4 Qb6 26. d6 Rc8 27. dxe7
1/2-1/2

[Event "North American Open"]
[Site "Las Vegas, NV"]
[Date "2013.12.28"]
[Round "5.2"]
[White "Erenburg, Sergey"]
[Black "Kacheishvili, Giorgi"]
[Result "1/2-1/2"]
[WhiteElo "2625"]
[BlackElo "2578"]
[PlyCount "23"]
[EventDate "2013.12.??"]
[EventType "swiss"]
[EventRounds "9"]
[EventCountry "USA"]
[Source "MonRoi"]

1. e4 c5 2. Nf3 d6 3. d4 cxd4 4. Nxd4 Nf6 5. Nc3 Nc6 6. Bg5 e6 7. Qd2 a6 8.
O-O-O h6 9. Be3 Qc7 10. f3 Rb8 11. Kb1 Ne5 12. f4 1/2-1/2

[Event "North American Open"]
[Site "Las Vegas, NV"]
[Date "2013.12.28"]
[Round "5.4"]
[White "Yankovsky, Roman"]
[Black "Shimanov, Alex"]
[Result "0-1"]
[WhiteElo "2425"]
[BlackElo "2650"]
[PlyCount "56"]
[EventDate "2013.12.??"]
[EventType "swiss"]
[EventRounds "9"]
[EventCountry "USA"]
[Source "MonRoi"]

1. e4 e5 2. Nf3 Nc6 3. Bc4 Nf6 4. Ng5 d5 5. exd5 Na5 6. Bb5+ c6 7. dxc6 bxc6 8.
Bd3 Nd5 9. h4 Be7 10. Qf3 Nf4 11. Nxf7 Kxf7 12. g3 Re8 13. gxf4 exf4 14. Be4
Bb4 15. Kf1 Kg8 16. a3 Bd6 17. d3 h5 18. Qxh5 Rxe4 19. dxe4 Ba6+ 20. Kg1 Nc4
21. Rh3 Qd7 22. Rd3 Rf8 23. Rf3 Qe6 24. Nc3 Rf6 25. b3 Ne5 26. Rxf4 Rg6+ 27.
Kh2 Ng4+ 28. Kg1 Ne3+ 0-1

[Event "North American Open"]
[Site "Las Vegas, NV"]
[Date "2013.12.28"]
[Round "5.7"]
[White "Wang, Chen"]
[Black "Wang, Jue"]
[Result "1-0"]
[WhiteElo "2503"]
[BlackElo "2394"]
[PlyCount "45"]
[EventDate "2013.12.??"]
[EventType "swiss"]
[EventRounds "9"]
[EventCountry "USA"]
[Source "MonRoi"]

1. e4 c5 2. Nc3 d6 3. f4 g6 4. Nf3 Bg7 5. Bb5+ Bd7 6. Bc4 Nc6 7. O-O e6 8. d3
Nge7 9. f5 gxf5 10. Ng5 h6 11. Nxf7 Kxf7 12. exf5 Bd4+ 13. Kh1 Kg7 14. Qg4+ Kh7
15. Ne4 Rg8 16. Qh5 Qf8 17. Bd2 Be8 18. Qh3 exf5 19. Bxg8+ Kxg8 20. Bxh6 Qf7
21. Nxd6 Qh5 22. Qxh5 Bxh5 23. c3 1-0

[Event "North American Open"]
[Site "Las Vegas, NV"]
[Date "2013.12.28"]
[Round "5.8"]
[White "Shabalov, Alexander"]
[Black "Wang, Kevin"]
[Result "1-0"]
[WhiteElo "2528"]
[BlackElo "2333"]
[PlyCount "103"]
[EventDate "2013.12.??"]
[EventType "swiss"]
[EventRounds "9"]
[EventCountry "USA"]
[Source "MonRoi"]

1. e4 c5 2. Nf3 d6 3. d4 cxd4 4. Nxd4 Nf6 5. Nc3 a6 6. h3 e6 7. g4 d5 8. Nde2
Nxe4 9. Nxe4 dxe4 10. Qxd8+ Kxd8 11. Be3 Bd7 12. O-O-O Ke8 13. Bg2 Bc6 14. Ng3
Nd7 15. Bxe4 Nf6 16. Bxc6+ bxc6 17. c4 Rd8 18. g5 Nd7 19. Ne4 Ne5 20. b3 Ba3+
21. Kc2 Rxd1 22. Rxd1 Ke7 23. Bd4 f6 24. Rg1 Kf7 25. gxf6 gxf6 26. Bxe5 fxe5
27. Rg5 Rg8 28. Rxe5 Bb4 29. Rh5 Rg1 30. Rxh7+ Kg6 31. Rh4 Ra1 32. Rg4+ Kf5 33.
Kb2 Re1 34. Ng3+ Ke5 35. a3 Bc5 36. f3 Re3 37. Re4+ Rxe4 38. Nxe4 Be7 39. b4
Kf4 40. Nd2 Ke3 41. Kc2 Ke2 42. c5 e5 43. a4 Bd8 44. Nc4 Bc7 45. h4 Kxf3 46. h5
e4 47. h6 e3 48. Nxe3 Kxe3 49. h7 Be5 50. b5 axb5 51. axb5 cxb5 52. c6 1-0

[Event "North American Open"]
[Site "Las Vegas, NV"]
[Date "2013.12.28"]
[Round "5.9"]
[White "Mulyar, Michael"]
[Black "Ehlvest, Jaan"]
[Result "1-0"]
[WhiteElo "2423"]
[BlackElo "2577"]
[PlyCount "117"]
[EventDate "2013.12.??"]
[EventType "swiss"]
[EventRounds "9"]
[EventCountry "USA"]
[Source "MonRoi"]

1. d4 Nf6 2. c4 e6 3. g3 d5 4. Nf3 Bb4+ 5. Bd2 Bd6 6. Bg2 O-O 7. O-O c6 8. Qb3
Re8 9. Nc3 Nbd7 10. Rad1 Qe7 11. Bg5 h6 12. Bxf6 Qxf6 13. Qc2 Bf8 14. b3 g6 15.
Qc1 Qg7 16. e4 dxc4 17. bxc4 e5 18. d5 Nc5 19. Qe3 Bd7 20. Nd2 Rac8 21. Nb3
cxd5 22. Nxd5 Bg4 23. Rd2 Be6 24. Rfd1 b6 25. Qf3 Nd7 26. Bf1 Kh8 27. h3 f5 28.
Ne3 Qf7 29. exf5 gxf5 30. Qb7 Rcd8 31. c5 bxc5 32. Bc4 Bxc4 33. Nxc4 Qxc4 34.
Rxd7 Rxd7 35. Qxd7 Qe6 36. Qxa7 c4 37. Na5 Rc8 38. Rd7 c3 39. Qb7 Rc5 40. Rd8
Qf6 41. Qb8 Kg8 42. Nb3 c2 43. Rc8 Rxc8 44. Qxc8 f4 45. Qxc2 fxg3 46. fxg3 Qf3
47. Kh2 e4 48. Qg2 Qd3 49. Nc1 Qc4 50. Ne2 Bd6 51. h4 Kg7 52. a4 e3 53. Qb7+
Kg6 54. h5+ Kxh5 55. Qf3+ Kg6 56. Qxe3 h5 57. Qe8+ Kf6 58. Qd8+ Be7 59. Qh8+
1-0

[Event "North American Open"]
[Site "Las Vegas, NV"]
[Date "2013.12.28"]
[Round "5.12"]
[White "Sevillano, Enrico"]
[Black "Ruiz, Joshua"]
[Result "1/2-1/2"]
[WhiteElo "2485"]
[BlackElo "2391"]
[PlyCount "80"]
[EventDate "2013.12.??"]
[EventType "swiss"]
[EventRounds "9"]
[EventCountry "USA"]
[Source "MonRoi"]

1. e4 c5 2. c3 Nf6 3. e5 Nd5 4. Nf3 Nc6 5. d4 cxd4 6. cxd4 e6 7. Bc4 d6 8. O-O
Be7 9. a3 O-O 10. Bd3 Qb6 11. Bc2 Qc7 12. Qd3 g6 13. Qe4 b6 14. Bh6 Rd8 15. Rc1
Bb7 16. Ba4 Rac8 17. Nbd2 Qb8 18. Re1 a6 19. Qg4 b5 20. Bd1 dxe5 21. dxe5 Nb6
22. Bg5 Bxg5 23. Qxg5 Nd4 24. Ne4 Bxe4 25. Rxe4 Nxf3+ 26. Bxf3 Rc4 27. Re2 Rdd4
28. h4 Rxh4 29. g4 Rh3 30. Rd1 Nd5 31. Bxd5 h6 32. Qf6 exd5 33. Kg2 Rb3 34.
Rxd5 Qb7 35. Red2 Rxb2 36. Kh2 Rxd2 37. Rxd2 Rc8 38. e6 Qc7+ 39. Kg1 Qc1+ 40.
Kh2 Qxd2 1/2-1/2

[Event "North American Open"]
[Site "Las Vegas, NV"]
[Date "2013.12.28"]
[Round "5.13"]
[White "Yang, Darwin"]
[Black "Ni, Shiqun"]
[Result "1-0"]
[WhiteElo "2468"]
[BlackElo "2305"]
[PlyCount "83"]
[EventDate "2013.12.??"]
[EventType "swiss"]
[EventRounds "9"]
[EventCountry "USA"]
[Source "MonRoi"]

1. d4 Nf6 2. c4 e6 3. Nf3 c5 4. d5 exd5 5. cxd5 d6 6. Nc3 g6 7. h3 Bg7 8. Bf4
O-O 9. e3 a6 10. a4 Qe7 11. Be2 Nbd7 12. O-O Ne8 13. Nd2 Rb8 14. Qc2 f5 15.
Rfe1 Ne5 16. Bh2 g5 17. f4 Ng6 18. Bd3 Qf6 19. Kh1 Bd7 20. a5 Bh6 21. fxg5 Bxg5
22. Nc4 Bb5 23. Nxb5 axb5 24. Nb6 Rf7 25. Bxb5 Rd8 26. Bd3 Ne5 27. Nc4 Nxc4 28.
Bxc4 Ng7 29. a6 bxa6 30. Rxa6 Re7 31. Qd2 Qh6 32. Qa5 Rde8 33. Bxd6 Rxe3 34.
Rxe3 Bxe3 35. Bxc5 Qh4 36. Bxe3 Rxe3 37. Ra8+ Ne8 38. Qb5 Qe4 39. d6+ Kf8 40.
Rxe8+ Qxe8 41. Qxf5+ Kg7 42. Qg5+ 1-0